000
00262nam a2200097Ia 4500
001
652113
005
20250826154432.0
008
250824s9999 xx 000 0 und d
245
0
_a
ÖYKÜLERLE ATASÖZLERİ SÖZ KULAĞA YAZI UZAĞA
_c
HABİB BEKTAŞ
260
_b
TUDEM
999
_c
652113
_d
652113